Statistics for Unlock the Final Answer - Geography

Click here to take the quiz!

General Stats

  • This quiz has been taken 4,979 times
    (3,780 since last reset)
  • The average score is 25 of 34

Answer Stats

HintAnswer% Correct
SydneyAustralia
100%
ViennaAustria
99%
Buenos AiresArgentina
98%
SeoulSouth Korea
98%
Tel AvivIsrael
96%
BeirutLebanon
96%
CasablancaMorocco
96%
CountryMalaysia
95%
Home to a famous wall that was toppled in 1989Berlin
94%
Capital of SwedenStockholm
94%
Sana'aYemen
91%
Home of the BeatlesLiverpool
90%
CityManila
84%
Largest city in PakistanKarachi
79%
Flows through four European capitalsDanube
78%
Central African river formerly called Zaire RiverCongo
76%
Capital and largest city in AngolaLuanda
74%
Holiest body of water in HinduismGanges
73%
Also the name of a large companyAmazon
69%
The Eiffel Tower is found in which city?Paris
68%
What is the capital of China?Beijing
67%
In which U.S. state would you find the city of Miami?Florida
67%
RiverYangtze
66%
Megacity formerly called BataviaJakarta
64%
Which city has the highest number of skyscrapers?Hong Kong
59%
Besides Germany, what country borders the Netherlands?Belgium
58%
Longest river in AustraliaMurray
58%
Where you would find Victoria FallsZambezi
58%
What is the longest mountain range on earth (on land)?Andes
57%
What is the holiest city in Judaism?Jerusalem
57%
On what island would you find the One World Trade Center?Manhattan
56%
Connects the North American Great Lakes with the AtlanticSaint Lawrence
56%
Help
44%
Final answerEverest
34%

Score Distribution

Percentile by Number Answered

Percent of People with Each Score

Your Score History

You have not taken this quiz since the last reset